A carregar...

Images of twentieth century physics /

Detalhes bibliográficos
Autor principal: Mukunda, N.
Idioma:Undetermined
Publicado em: Hyderabad : University Press , 2000.
Assuntos:
LEADER 00541nam a2200169Ia 4500
001 129737
008 170722s9999 xx 000 0 und d
020 |a 8173710953 
100 |a Mukunda, N. 
245 |a Images of twentieth century physics / 
260 |a Hyderabad :  |b University Press ,  |c 2000. 
300 |a ix+123 
653 |a Biography 
653 |a Physics 
942 |c GEN 
999 |c 123079  |d 123079 
952 |0 0  |1 0  |4 0  |6 CW_N_P0GB  |7 0  |8 GB  |9 174020  |a LIB  |b LIB  |d 2013-03-25  |e Penta Book Distributors  |o Cw,N P0(GB)  |p 242348  |r 2017-08-12  |v 110.00  |w 2017-08-12  |y GEN